The greediest of Rajahs and the whitest of clouds. (Record no. 110509)
[ view plain ]
| 000 -LEADER | |
|---|---|
| fixed length control field | 00361nam a2200133 a 4500 |
| 005 - DATE AND TIME OF LATEST TRANSACTION | |
| control field | 20140414131857.0 |
| 008 - FIXED-LENGTH DATA ELEMENTS--GENERAL INFORMATION | |
| fixed length control field | 100826s19uu xx 00 eng d |
| 050 ## - LIBRARY OF CONGRESS CALL NUMBER | |
| Classification number | FIL |
| Item number | G81 2006 |
| 100 ## - MAIN ENTRY--PERSONAL NAME | |
| Personal name | Ibardolaza, Honoel |
| 245 ## - TITLE STATEMENT | |
| Title | The greediest of Rajahs and the whitest of clouds. |
| 260 ## - PUBLICATION, DISTRIBUTION, ETC. (IMPRINT) | |
| Place of publication, distribution, etc | Philippines : |
| Name of publisher, distributor, etc | Adarna, |
| Date of publication, distribution, etc | 2006. |
| Withdrawn status | Lost status | Damaged status | Home library | Current library | Shelving location | Date acquired | Total Checkouts | Full call number | Barcode | Date last seen | Price effective from | Koha item type |
|---|---|---|---|---|---|---|---|---|---|---|---|---|
| Munich Library | Munich Library | Filipiniana Section | 08/26/2010 | FIL G81 2006 | M0929 | 04/14/2014 | 04/14/2014 | Books | ||||
| Munich Library | Munich Library | Filipiniana Section | 09/01/2010 | FIL G81 2006 | M0841 | 04/14/2014 | 04/14/2014 | Books |